000 00443nam a2200157 a 4500
005 20140412111333.0
008 031021s19uu xx 00 eng d
020 _a1-55185-018-4
050 _aBB
_bNu971 1994
245 _aNumbers /
_cillustrations by Kate Gorman.
260 _aBaltimore, Maryland :
_bOttenheimer Publishers,
_c1994.
300 _a14 p. ; ill.
440 _aThe Wonders of Learning
650 _aCounting
999 _c104970
_d104970